<?xml version="1.0" encoding="UTF-8"?>
<record
    xmlns:xsi="http://www.w3.org/2001/XMLSchema-instance"
    xsi:schemaLocation="http://www.loc.gov/MARC21/slim http://www.loc.gov/standards/marcxml/schema/MARC21slim.xsd"
    xmlns="http://www.loc.gov/MARC21/slim">

  <leader>01543nab a2200205uuc4500</leader>
  <controlfield tag="001">1300882</controlfield>
  <controlfield tag="005">20240202110324.0</controlfield>
  <controlfield tag="008">121005e20110701                    spa  </controlfield>
  <datafield tag="035" ind1=" " ind2=" ">
    <subfield code="a">1300882</subfield>
  </datafield>
  <datafield tag="040" ind1=" " ind2=" ">
    <subfield code="c">comduadb</subfield>
  </datafield>
  <datafield tag="041" ind1=" " ind2=" ">
    <subfield code="a">spa</subfield>
  </datafield>
  <datafield tag="100" ind1="1" ind2="0">
    <subfield code="a">Ojeda P&#xE9;rez, Robert</subfield>
    <subfield code="4">aut</subfield>
    <subfield code="e">aut</subfield>
    <subfield code="9">600955</subfield>
  </datafield>
  <datafield tag="245" ind1="1" ind2="0">
    <subfield code="a">Participaci&#xF3;n de la plebe santafere&#xF1;a en los albores de la Independencia</subfield>
  </datafield>
  <datafield tag="520" ind1="3" ind2=" ">
    <subfield code="a">Por medio de este art&#xED;culo se quieren mostrar las distintas formas de participaci&#xF3;n que tuvo la plebe en Santaf&#xE9; frente a los abusos de poder del sistema colonial. La historiograf&#xED;a ha ubicado como punto de partida del proceso de independencia un hecho hist&#xF3;rico como fue el ocurrido el 20 de Julio de 1810, y adem&#xE1;s ha se&#xF1;alado la participaci&#xF3;n de la &#xE9;lite criolla como &#xFA;nico agente en dicho proceso. Con este escrito se invita a reflexionar sobre otros sujetos, quienes tambi&#xE9;n agenciaron el proceso de independencia y desde muchos a&#xF1;os atr&#xE1;s. Se exponen una serie de estudios de caso, que hacen parte de una investigaci&#xF3;n emp&#xED;rica m&#xE1;s compleja, para sustentar dicha refelexi&#xF3;n sobre la participaci&#xF3;n de la plebe santafere&#xF1;a en los albores de la Independencia.</subfield>
  </datafield>
  <datafield tag="650" ind1=" " ind2=" ">
    <subfield code="a">Colombia - Independencia - Antecedentes y consecuencias</subfield>
    <subfield code="9">117860</subfield>
  </datafield>
  <datafield tag="650" ind1=" " ind2=" ">
    <subfield code="a">Colombia - Historia pol&#xED;tica - Siglo XIX</subfield>
    <subfield code="9">33208</subfield>
  </datafield>
  <datafield tag="650" ind1=" " ind2=" ">
    <subfield code="a">Colombia - Historia, 1810</subfield>
    <subfield code="9">48474</subfield>
  </datafield>
  <datafield tag="773" ind1="0" ind2=" ">
    <subfield code="t">An&#xE1;lisis : Revista Colombiana de Humanidades (Bogot&#xE1;)</subfield>
    <subfield code="g">N&#xFA;mero 79, Julio-Diciembre de 2011, p. 169-191</subfield>
    <subfield code="w">1038229</subfield>
    <subfield code="x">0120-8454</subfield>
    <subfield code="0">428494</subfield>
  </datafield>
  <datafield tag="942" ind1=" " ind2=" ">
    <subfield code="c">ARIMP</subfield>
  </datafield>
  <datafield tag="999" ind1=" " ind2=" ">
    <subfield code="c">633408</subfield>
    <subfield code="d">633408</subfield>
  </datafield>
</record>
